| 000 | 00924nam a2200277 a 4500 | ||
|---|---|---|---|
| 001 | 19622 | ||
| 003 | BD-RjUL | ||
| 005 | 20211209000445.0 | ||
| 008 | 140225t2003 nyuahbc b 000 1 eng d | ||
| 020 | _a0393957241 (pbk.) | ||
| 035 | _a(BD-RjUL)19682 | ||
| 040 |
_aDLC _beng _cDLC _dBD-RjUL |
||
| 041 | _aeng | ||
| 082 | 0 | 4 |
_a823.5 _bSWG 2003 |
| 100 | 1 |
_aSwift, Jonathan, _d1667-1745. _959484 |
|
| 245 | 1 | 0 |
_aGulliver's travels : _bbased on the 1726 text : contexts :criticism / _cJonathan Swift : edited by Albert J.Rivero. |
| 260 |
_aNew York ; _aLondon : _bNorton, _c2003. |
||
| 300 |
_ax, 511 p. : _bill. ; _c22 cm. |
||
| 504 | _aIncludes bibliography (p.509-511) | ||
| 600 | 1 | 0 |
_aSwift, Jonathan, _d1667-1745. _9163273 |
| 650 | 0 |
_aVoyages, Imaginary _xFiction _960287 |
|
| 700 | 1 |
_aRivero, Albert J., _d1953- _960288 |
|
| 830 | 0 |
_aNorton critical edition _9117336 |
|
| 942 |
_2ddc _cBK _02 |
||
| 999 |
_c19622 _d19622 |
||